| 000 | 00435nam a2200193Ia 4500 | ||
|---|---|---|---|
| 005 | 20240823035232.0 | ||
| 008 | 240823s9999||||xx |||||||||||||| ||und|| | ||
| 020 | _a978-0143-341-7248 | ||
| 041 | _aENGLISH | ||
| 082 | _A823.92 Q2 | ||
| 100 | _aKomal Mehta | ||
| 245 | 0 | _aNick of Time | |
| 250 | _a1st | ||
| 260 |
_c2012 _b"Penguin Books,En" |
||
| 500 | _aYES | ||
| 650 |
_aNick Time _bGeneral |
||
| 942 | _cBK | ||
| 999 |
_c200203 _d200203 |
||